| 000 | 01096nam a2200301 i 4500 | ||
|---|---|---|---|
| 001 | 193059 | ||
| 003 | ES-MaACL | ||
| 005 | 20240707063035.0 | ||
| 007 | ta | ||
| 008 | 230726b2007 fre||||| |||| 00| 0 fre d | ||
| 020 | _a9782754003605 | ||
| 040 |
_bspa _cES-MaACL |
||
| 100 |
_aLewis, Sara _9233884 |
||
| 245 |
_aJe fais mon pain : _bpour des pains maison faits à la main ou à la machine à pain / _cSara Lewis |
||
| 260 |
_a[Paris] : _bFirst Editions, _c2007 |
||
| 300 |
_a141 p. : _bprincipalmente il ; _c23 cm |
||
| 336 |
_2rdacontent _aTexto |
||
| 337 |
_2rdamedia _asin mediación |
||
| 338 |
_2rdacarrier _avolumen |
||
| 500 | _aCatalogación provisional. Signatura: N 8548. Depósito J. | ||
| 650 | 7 |
_9165308 _aPan- _xFabricación |
|
| 852 |
_aES-MaACL _bR 153360 _cDEPOJ _jN 8548 _hDonación: José Lázaro _zEn proceso _9200364 |
||
| 942 |
_n0 _cMONOGRAFIA |
||
| 999 |
_c193059 _d193059 |
||